Evaluation of bamboo biochar effects on moringa under different levels of npk, land elevation and water regime / (Record no. 18340)
[ view plain ]
| 000 -LEADER | |
|---|---|
| fixed length control field | 01044nam a22002777a 4500 |
| 001 - CONTROL NUMBER | |
| control field | BD-DhSAU |
| 003 - CONTROL NUMBER IDENTIFIER | |
| control field | BD-DhSAU |
| 005 - DATE AND TIME OF LATEST TRANSACTION | |
| control field | 20260429161527.0 |
| 008 - FIXED-LENGTH DATA ELEMENTS--GENERAL INFORMATION | |
| fixed length control field | 260429b2005 bg ||||| m||| 00| 0 eng d |
| 040 ## - CATALOGING SOURCE | |
| Original cataloging agency | BD-DhSAU |
| 082 ## - DEWEY DECIMAL CLASSIFICATION NUMBER | |
| Edition number | 22 |
| Classification number | 630 |
| Item number | R165 |
| 100 ## - MAIN ENTRY--PERSONAL NAME | |
| Personal name | KUMAR DAS, RANJAN |
| Relator term | Registration No. # 19-10388 |
| 245 ## - TITLE STATEMENT | |
| Title | Evaluation of bamboo biochar effects on moringa under<br/>different levels of npk, land elevation and water regime /<br/> |
| Remainder of title | phd thesis |
| 260 ## - PUBLICATION, DISTRIBUTION, ETC. (IMPRINT) | |
| Place of publication, distribution, etc. | Sher-e-Bangla Agricultural University, Dhaka, |
| Name of publisher, distributor, etc. | Department of Agronomy, |
| Date of publication, distribution, etc. | 2024. |
| 300 ## - PHYSICAL DESCRIPTION | |
| Extent | xxi; 281p. ; |
| Dimensions | 30 cm. |
| 500 ## - GENERAL NOTE | |
| General note | Phd thesis of Department of Agronomy,, Sher-e-Bangla Agricultural University, Dhaka,, |
| 504 ## - BIBLIOGRAPHY, ETC. NOTE | |
| Bibliography, etc | Includes bibliographical reference. |
| 590 ## - Name of Cataloguer | |
| Name of Cataloger | Nazmul |
| 650 ## - SUBJECT ADDED ENTRY--TOPICAL TERM | |
| Topical term or geographic name as entry element | bamboo biochar |
| 651 ## - SUBJECT ADDED ENTRY--GEOGRAPHIC NAME | |
| Geographic name | moringa under different levels of npk, |
| 654 ## - SUBJECT ADDED ENTRY--FACETED TOPICAL TERM | |
| Focus term | land elevation and water regime |
| 700 ## - ADDED ENTRY--PERSONAL NAME | |
| Relator code | Chairman |
| Personal name | Prof. Dr. Parimal Kanti Biswas |
| 710 ## - ADDED ENTRY--CORPORATE NAME | |
| Relator code | Member, |
| Corporate name or jurisdiction name as entry element | Prof Dr. Md. Shahidul Islam |
| 942 ## - ADDED ENTRY ELEMENTS (KOHA) | |
| Source of classification or shelving scheme | Dewey Decimal Classification |
| Koha item type | PhD Thesis |
| Withdrawn status | Lost status | Source of classification or shelving scheme | Damaged status | Not for loan | Collection code | Home library | Branch Name | Date acquired | Total Checkouts | Full call number | Barcode | Date last seen | Price effective from | Koha item type |
|---|---|---|---|---|---|---|---|---|---|---|---|---|---|---|
| Dewey Decimal Classification | Not For Loan | Reference | SAU Library | SAU Library | 29/04/2026 | 630 R165 | 46218 | 29/04/2026 | 29/04/2026 | PhD Thesis |
